| 000 | 01229nam a2200301 i 4500 | ||
|---|---|---|---|
| 001 | 000028362 | ||
| 003 | DO-SdBNP | ||
| 005 | 20251128105541.0 | ||
| 007 | ta | ||
| 008 | 110408s1984 dr 000 0 spa d | ||
| 040 |
_aDO-SdBNP _bspa _cBNPHU _erda |
||
| 041 | _aspa | ||
| 082 |
_axxx _bC397t _222 |
||
| 110 | 1 |
_aCentro Dominicano de Organizaciones de Interés Social _92993 |
|
| 245 | 1 | 3 |
_aEl tercer sector : _bdos conferencias / _cEduardo Latorre, Eduardo Fernández Pichardo. |
| 264 |
_aSanto Domingo : _bCentro Dominicano de Organizaciones de Interés Social, _c1984. |
||
| 300 |
_a31 páginas ; _c23 cm. |
||
| 336 |
_ardacontent _btexto _2txt |
||
| 337 |
_ardamedia _bsin mediación _2n |
||
| 338 |
_ardacarrier _bvolumen _2nc |
||
| 500 | _aIncluye notas al pie de las páginas | ||
| 505 | 1 | _aEl papel de las corporaciones de bien público en los paises sub-desarrollados / Eduardo Latorre -- El tercer sector : orígenes, desarrollo y perspectivas de las instituciones sin fines de lucro en República Dominicana / Eduardo Fernández Pichardo | |
| 590 | _aInventariado, 2025/DG | ||
| 700 | 1 |
_aLatorre, Eduardo, _d1941-2003 _97187 |
|
| 700 | 1 |
_aFernández Pichardo, Eduardo _955332 |
|
| 910 | _aDG | ||
| 942 |
_2ddc _cLF2 |
||
| 999 |
_c27854 _d27854 |
||